The Parables of Jesus : (Record no. 7234)
[ view plain ]
| 000 -LEADER | |
|---|---|
| fixed length control field | 00582cam a22001932 4500 |
| 001 - CONTROL NUMBER | |
| control field | 0000006228 |
| 005 - DATE AND TIME OF LATEST TRANSACTION | |
| control field | 20151217152015.0 |
| 008 - FIXED-LENGTH DATA ELEMENTS--GENERAL INFORMATION | |
| fixed length control field | 070926s xx 000 0 eng d |
| 020 ## - INTERNATIONAL STANDARD BOOK NUMBER | |
| International Standard Book Number | 1852403780 : |
| Terms of availability | KES 1,390 |
| 040 ## - CATALOGING SOURCE | |
| Original cataloging agency | KABU |
| Transcribing agency | KABU |
| 100 1# - MAIN ENTRY--PERSONAL NAME | |
| Personal name | Kendall, R. T. |
| -- | 0000149372 |
| 245 14 - TITLE STATEMENT | |
| Title | The Parables of Jesus : |
| Remainder of title | understanding and applying the stories of Jesus. |
| 260 ## - PUBLICATION, DISTRIBUTION, ETC. (IMPRINT) | |
| Place of publication, distribution, etc. | Kent : |
| Name of publisher, distributor, etc. | Sovereign World, |
| Date of publication, distribution, etc. | 2006. |
| 300 ## - PHYSICAL DESCRIPTION | |
| Extent | 363 p. |
| 650 #0 - SUBJECT ADDED ENTRY--TOPICAL TERM | |
| Topical term or geographic name as entry element | Jesus Christ |
| General subdivision | Parables. |
| -- | 0000157630 |
| 908 ## - PUT COMMAND PARAMETER (RLIN) | |
| Put command parameter | 070926 |
| 950 ## - LOCAL HOLDINGS (RLIN) | |
| -- | 1 |
| Withdrawn status | Lost status | Source of classification or shelving scheme | Not for loan | Home library | Current library | Date acquired | Total Checkouts | Full call number | Barcode | Date last seen | Date last checked out | Price effective from | Koha item type |
|---|---|---|---|---|---|---|---|---|---|---|---|---|---|
| Library of Congress Classification | Kabarak, Main Campus | Kabarak, Main Campus | 17/12/2015 | 1 | BT375.2 .K46 | 009815 | 02/08/2024 | 14/11/2018 | 17/12/2015 | General Collection |